| 000 | 00748nam a22002057a 4500 | ||
|---|---|---|---|
| 999 |
_c6265 _d6265 |
||
| 003 | AR-CdUCM | ||
| 008 | 190314b ||||| |||| 00| 0 spa d | ||
| 040 |
_aMUNICIPALIDAD PROVINCIAL DEL CUSCO _cBIBLIOTECA MUNICIPAL DEL CUSCO |
||
| 082 |
_a869.56 / _bB64 |
||
| 100 |
_aBocángel Benavente, César Augusto _918013 |
||
| 245 | _aPoesía y mito andino / | ||
| 260 |
_aCusco : _bUniversidad Nacional San Antonio Abad, Dirección de Proyección Social, Instituto de Investigación "UNSAAC-NUFFIC", _c1986. |
||
| 300 |
_a16 paginas ; _c21 cm. |
||
| 505 | _aContenido :Poesía y mito andino. | ||
| 650 |
_aPoesías peruanas _91481 |
||
| 650 |
_aPoesías cusqueñas _96460 |
||
| 650 |
_aLiteratura cusqueña _9164 |
||
| 942 |
_2ddc _cLIBROS |
||
| 945 | _arum | ||